000 00280nam a2200121 a 4500
008 100920s1966|||| d
100 1 _aErenburg, Iľja
245 1 0 _aLáska Jeanny Neyovej
260 _bSmena
_aBratislava
_c1966
020 _c20
044 _axo
_cSK
041 _aslo
999 _c10519
_d10519